Statistics for 2024中国足球 有降级历史的俱乐部

Click here to take the quiz!

General Stats

  • This quiz has been taken 57 times
  • The average score is 5 of 10

Answer Stats

降级次数现属级别俱乐部名称 (2023)% Correct
3中甲广州足球俱乐部
83%
1中超浙江职业足球俱乐部
66%
3中超青岛海牛足球俱乐部
62%
3中超河南足球俱乐部
60%
1中超长春亚泰足球俱乐部
55%
1中超沧州雄狮足球俱乐部
45%
1中乙湖南湘涛足球俱乐部
26%
2中乙北京理工足球俱乐部
25%
1中超天津津门虎足球俱乐部
25%
1中甲江西庐山足球俱乐部
17%

Score Distribution

Percentile by Number Answered

Percent of People with Each Score

Your Score History

You have not taken this quiz